Recurso de amparo electoral /
Сохранить в:
| Главный автор: | |
|---|---|
| Другие авторы: | |
| Формат: | Текст |
| Предметы: | |
| Метки: |
Добавить метку
Нет меток, Требуется 1-ая метка записи!
|
MARC
| LEADER | 00000 a a2200000 04500 | ||
|---|---|---|---|
| 001 | 16211 | ||
| 003 | |||
| 040 | |||
| 100 | |a Brenes Villalobos, Luis Diego | ||
| 245 | |a Recurso de amparo electoral / |c Luis Diego Brenes Villalobos ; Juan Luis Rivera Sánchez | ||
| 650 | |a ELECCIONES | ||
| 650 | |a PARTIDOS POLITICOS | ||
| 650 | |a PARTICIPACION SOCIAL | ||
| 650 | |a SISTEMAS ELECTORALES | ||
| 650 | |a COSTA RICA | ||
| 700 | |a Rivera Sánchez, Juan Luis | ||
| 773 | |g número 1; páginas 29-47 | ||
| 999 | |c 36472 |d 36472 | ||
